Statistics for Every Premier League Goalscorer (2009/10)

Click here to take the quiz!

General Stats

  • This quiz has been taken 28 times
  • The average score is 83 of 277

Answer Stats

PlayerClubGoals% Correct
Robin van PersieArsenal9
94%
Didier DrogbaChelsea29
89%
Dimitar BerbatovManchester United12
89%
Frank LampardChelsea22
89%
Steven GerrardLiverpool9
89%
Wayne RooneyManchester United26
89%
Emmanuel AdebayorManchester City14
83%
Fernando TorresLiverpool18
83%
Jermain DefoeTottenham Hotspur18
83%
Peter CrouchTottenham Hotspur8
83%
Ashley ColeChelsea4
78%
Carlos TévezManchester City23
78%
Carlton ColeWest Ham United10
78%
Cesc FàbregasArsenal15
78%
Darren BentSunderland24
78%
Joe ColeChelsea2
78%
Paul ScholesManchester United3
78%
Ryan GiggsManchester United5
78%
Andrey ArshavinArsenal10
72%
Darren FletcherManchester United4
72%
David JonesWolverhampton Wanderers1
72%
Dirk KuytLiverpool9
72%
John TerryChelsea2
72%
Kenwyne JonesSunderland9
72%
Michael CarrickManchester United3
72%
Steven FletcherBurnley8
72%
Theo WalcottArsenal3
72%
Adam JohnsonManchester City1
67%
Clint DempseyFulham7
67%
Florent MaloudaChelsea12
67%
Glen JohnsonLiverpool3
67%
James MilnerAston Villa7
67%
Micah RichardsManchester City2
67%
Salomon KalouChelsea5
67%
Samir NasriArsenal2
67%
Aaron LennonTottenham Hotspur3
61%
Gareth BaleTottenham Hotspur3
61%
Gareth BarryManchester City2
61%
Gary CahillBolton Wanderers5
61%
John O'SheaManchester United1
61%
NaniManchester United4
61%
Nemanja Vidić‎Manchester United1
61%
Robbie KeaneTottenham Hotspur6
61%
Shaun Wright-PhillipsManchester City4
61%
Tim CahillEverton8
61%
Abou DiabyArsenal6
56%
Antonio ValenciaManchester United5
56%
Ashley YoungAston Villa5
56%
Curtis DaviesAston Villa1
56%
Eduardo da SilvaArsenal2
56%
Gabriel AgbonlahorAston Villa13
56%
Jack WilshereBolton Wanderers1
56%
Ji-sung ParkManchester United3
56%
Joleon LescottManchester City1
56%
Kevin DaviesBolton Wanderers7
56%
Leighton BainesEverton1
56%
Mark NobleWest Ham United2
56%
Michael BallackChelsea4
56%
Michael EssienChelsea3
56%
Michael OwenManchester United3
56%
Morten Gamst PedersenBlackburn Rovers3
56%
Rafael da SilvaManchester United1
56%
Aaron RamseyArsenal3
50%
AndersonManchester United1
50%
Daniel SturridgeChelsea1
50%
Luka ModrićTottenham Hotspur3
50%
Michael BrownPortsmouth2
50%
Mikel ArtetaEverton6
50%
Nicolas AnelkaChelsea11
50%
Tomáš RosickýArsenal3
50%
Tom HuddlestoneTottenham Hotspur2
50%
William GallasArsenal3
50%
Andy ReidSunderland2
44%
Benni McCarthyBlackburn Rovers1
44%
Charles N'ZogbiaWigan Athletic5
44%
Craig BellamyManchester City10
44%
Damien DuffFulham6
44%
Danny MurphyFulham5
44%
David DunnBlackburn Rovers9
44%
James McCarthyWigan Athletic1
44%
Kolo TouréManchester City1
44%
Ledley KingTottenham Hotspur2
44%
Louis SahaEverton13
44%
Martin ŠkrtelLiverpool1
44%
Ryan BabelLiverpool4
44%
Scott ParkerWest Ham United2
44%
Andy DawsonHull City1
39%
Danny RoseTottenham Hotspur1
39%
Emile HeskeyAston Villa3
39%
Hugo RodallegaWigan Athletic10
39%
Jermaine JenasTottenham Hotspur1
39%
Kevin PhillipsBirmingham City4
39%
Matthew TaylorBolton Wanderers8
39%
Michael DawsonTottenham Hotspur2
39%
Nicklas BendtnerArsenal6
39%
Niko KranjčarTottenham Hotspur6
39%
Roque Santa CruzManchester City3
39%
Stephen IrelandManchester City2
39%
Steven PienaarEverton4
39%
Stewart DowningAston Villa2
39%
Thomas VermaelenArsenal7
39%
Vincent KompanyManchester City2
39%
AlexChelsea1
33%
Alex SongArsenal1
33%
Benoît Assou-EkottoTottenham Hotspur1
33%
Branislav IvanovićChelsea1
33%
David BentleyTottenham Hotspur1
33%
Franco Di SantoBlackburn Rovers1
33%
John CarewAston Villa10
33%
Jordan HendersonSunderland1
33%
Leon OsmanEverton2
33%
Maxi RodríguezLiverpool1
33%
Nwankwo KanuPortsmouth2
33%
Paul KoncheskyFulham1
33%
Richard DunneAston Villa3
33%
Roman PavlyuchenkoTottenham Hotspur5
33%
Stephen HuntHull City6
33%
Tommy SmithPortsmouth1
33%
Zoltán GeraFulham2
33%
Cameron JeromeBirmingham City10
28%
Craig GardnerBirmingham City1
28%
Darron GibsonManchester United2
28%
David ElmFulham1
28%
DecoChelsea2
28%
Federico MachedaManchester United1
28%
Fraizer CampbellSunderland4
28%
James BeattieStoke City2
28%
James CollinsAston Villa1
28%
Jason RobertsBlackburn Rovers5
28%
Jimmy BullardHull City4
28%
Johan ElmanderBolton Wanderers3
28%
Kevin DoyleWolverhampton Wanderers9
28%
Kieran RichardsonSunderland1
28%
Landon DonovanEverton2
28%
Luís Boa MorteWest Ham United1
28%
Ricardo FullerStoke City3
28%
Ricardo GardnerBolton Wanderers1
28%
Ryan ShawcrossStoke City2
28%
Sebastian LarssonBirmingham City4
28%
Vedran ĆorlukaTottenham Hotspur1
28%
Yossi BenayounLiverpool6
28%
Alberto AquilaniLiverpool1
22%
Bobby ZamoraFulham8
22%
Boudewijn ZendenSunderland2
22%
David N'GogLiverpool5
22%
David NugentBurnley6
22%
DenílsonArsenal3
22%
Emmanuel EbouéArsenal1
22%
Fabrice MuambaBolton Wanderers1
22%
George BoatengHull City1
22%
Glenn WhelanStoke City2
22%
James McFaddenBirmingham City5
22%
Kevin-Prince BoatengPortsmouth3
22%
Marouane FellainiEverton2
22%
Martin PetrovManchester City4
22%
Yakubu AiyegbeniEverton5
22%
Alessandro DiamantiWest Ham United7
17%
Carlos CuéllarAston Villa2
17%
Chris EaglesBurnley2
17%
Chung-yong LeeBolton Wanderers4
17%
El-Hadji DioufBlackburn Rovers3
17%
Jack RodwellEverton2
17%
Jonathan GreeningFulham1
17%
Joseph YoboEverton1
17%
Liam RidgewellBirmingham City3
17%
Mame Biram DioufManchester United1
17%
Matthew EtheringtonStoke City5
17%
Matt JarvisWolverhampton Wanderers3
17%
Patrick VieiraManchester City1
17%
Robbie BlakeBurnley2
17%
Sébastien BassongTottenham Hotspur1
17%
Steven ThompsonBurnley4
17%
Sylvan Ebanks-BlakeWolverhampton Wanderers2
17%
Titus BrambleWigan Athletic2
17%
Victor MosesWigan Athletic1
17%
Wilson PalaciosTottenham Hotspur1
17%
Ben WatsonWigan Athletic1
11%
Brede HangelandFulham1
11%
Christian BenítezBirmingham City3
11%
Danny HigginbothamStoke City1
11%
Diomansy KamaraFulham1
11%
Eiður GuðjohnsenTottenham Hotspur1
11%
GeovanniHull City3
11%
Ivan KlasnićBolton Wanderers8
11%
Jamie O'HaraPortsmouth2
11%
Jordi GómezWigan Athletic1
11%
Junior StanislasWest Ham United2
11%
Lee BowyerBirmingham City5
11%
Manuel da CostaWest Ham United2
11%
Martin PatersonBurnley4
11%
Maynor FigueroaWigan Athletic1
11%
Michael TurnerSunderland1
11%
Mohamed DiaméWigan Athletic1
11%
Scott SinclairWigan Athletic1
11%
Valon BehramiWest Ham United1
11%
Victor AnichebeEverton1
11%
Younès KaboulPortsmouth3
11%
Abdoulaye FayeStoke City2
6%
André BikeyBurnley1
6%
Aruna DindanePortsmouth8
6%
Caleb FolanHull City2
6%
Carlos VelaArsenal1
6%
Christopher SambaBlackburn Rovers4
6%
Craig FaganHull City2
6%
Dan GoslingEverton2
6%
Diniyar BilyaletdinovEverton6
6%
Emmerson BoyceWigan Athletic3
6%
Fran MéridaArsenal1
6%
Frédéric PiquionnePortsmouth5
6%
Gary CaldwellWigan Athletic2
6%
Graham AlexanderBurnley7
6%
Hermann HreiðarssonPortsmouth1
6%
Jan Vennegoor of HesselinkHull City3
6%
John UtakaPortsmouth1
6%
Keith AndrewsBlackburn Rovers1
6%
Kevin KilbaneHull City1
6%
Liam LawrenceStoke City1
6%
Matthew UpsonWest Ham United3
6%
Mikaël SilvestreArsenal1
6%
Nadir BelhadjPortsmouth3
6%
Nedum OnuohaManchester City1
6%
Pascal ChimbondaBlackburn Rovers1
6%
Paul ScharnerWigan Athletic4
6%
Richard StearmanWolverhampton Wanderers1
6%
Robert HuthStoke City3
6%
Ronald ZubarWolverhampton Wanderers1
6%
Ryan NelsenBlackburn Rovers4
6%
Salif DiaoStoke City1
6%
Steven CaldwellBurnley1
6%
Tamir CohenBolton Wanderers3
6%
Wade ElliottBurnley4
6%
Zat KnightBolton Wanderers1
6%
Adlène GuédiouraWolverhampton Wanderers1
0%
Andy KeoghWolverhampton Wanderers1
0%
Danny FoxBurnley1
0%
Danny PughStoke City1
0%
Danny WebberPortsmouth1
0%
Dave KitsonStoke City3
0%
David EdwardsWolverhampton Wanderers1
0%
Dean MarneyHull City1
0%
Erik NevlandFulham3
0%
Gaël GivetBlackburn Rovers2
0%
Garry O'ConnorBirmingham City1
0%
Guillermo FrancoWest Ham United5
0%
Hassan YebdaPortsmouth2
0%
IlanWest Ham United4
0%
Jack CollisonWest Ham United2
0%
Jack CorkBurnley1
0%
James VaughanEverton1
0%
Jason KoumasWigan Athletic1
0%
Jason ScotlandWigan Athletic1
0%
Javier GarridoManchester City1
0%
Jody CraddockWolverhampton Wanderers5
0%
John MensahSunderland1
0%
Jozy AltidoreHull City1
0%
Julien FaubertWest Ham United1
0%
Kamel GhilasHull City1
0%
Kamil ZayatteHull City2
0%
Kevin McDonaldBurnley1
0%
Luis JiménezWest Ham United1
0%
Mamady SidibéStoke City2
0%
Mark CullenHull City1
0%
Nathan DelfounesoAston Villa1
0%
Nenad MilijašWolverhampton Wanderers2
0%
Nikola KalinićBlackburn Rovers2
0%
Radoslav KováčWest Ham United2
0%
Seyi OlofinjanaHull City1
0%
Sotiris KyrgiakosLiverpool1
0%
Stefan MaierhoferWolverhampton Wanderers1
0%
Stefano OkakaFulham2
0%
Steve GohouriWigan Athletic1
0%
Steven MouyokoloHull City1
0%
Steven NzonziBlackburn Rovers2
0%
Tom CairneyHull City1
0%
Tuncay ŞanlıStoke City4
0%
Will AtkinsonHull City1
0%
Zavon HinesWest Ham United1
0%

Score Distribution

Percentile by Number Answered

Percent of People with Each Score

Your Score History

You have not taken this quiz